| 000 | 00437cam a2200181 4500 | ||
|---|---|---|---|
| 001 | D8758 | ||
| 008 | 090401t1967 xxu||||| |||| 00| 0 eng d | ||
| 035 | _a(Sirsi) u15025 | ||
| 041 | _aeng | ||
| 050 | _a692.5 | ||
| 100 | _aSkoyles, E.R. | ||
| 245 | _aPreparation of an operational bill | ||
| 260 |
_aGarston, Watford _bBuilding Research Station _c1967 |
||
| 300 | _a30p. 30cm | ||
| 350 | _a0.5 | ||
| 942 | _n0 | ||
| 948 | _c04/03/1997 | ||
| 999 |
_c87241 _d87241 |
||